Voice of the people : (Record no. 34466)
[ view plain ]
| 000 -LEADER | |
|---|---|
| fixed length control field | 00961cam a22002891 4500 |
| 001 - CONTROL NUMBER | |
| control field | 34466 |
| 003 - CONTROL NUMBER IDENTIFIER | |
| rucl marc code | BD-RjUL |
| 005 - DATE AND TIME OF LATEST TRANSACTION | |
| control field | 20211209052150.0 |
| 008 - FIXED-LENGTH DATA ELEMENTS--GENERAL INFORMATION | |
| fixed length control field | 140517t1962 nyu 000 0 eng |
| 035 ## - SYSTEM CONTROL NUMBER | |
| System control number | (BD-RjUL)34560 |
| System control number | (OCoLC)256102 |
| 040 ## - CATALOGING SOURCE | |
| Original cataloging agency | DLC |
| Transcribing agency | ODaWU |
| Modifying agency | OCoLC |
| -- | DLC |
| -- | BD-RjUL |
| Language of cataloging | eng |
| 041 ## - LANGUAGE CODE | |
| Language code of text/sound track or separate title | eng |
| 082 04 - DEWEY DECIMAL CLASSIFICATION NUMBER | |
| Classification number | 303.38 |
| Author mark and year | CHV 1962 |
| 100 1# - MAIN ENTRY--PERSONAL NAME | |
| Personal name | Christenson, Reo Millard, |
| Dates associated with a name | 1918- |
| 9 (RLIN) | 103154 |
| 245 10 - TITLE STATEMENT | |
| Title | Voice of the people : |
| Remainder of title | readings in public opinion and propaganda / |
| Statement of responsibility, etc. | [by] Reo M. Christenson [and] Robert O. McWilliams. |
| 260 ## - PUBLICATION, DISTRIBUTION, ETC. (IMPRINT) | |
| Place of publication, distribution, etc. | New York : |
| Name of publisher, distributor, etc. | McGraw-Hill, |
| Date of publication, distribution, etc. | c1962. |
| 300 ## - PHYSICAL DESCRIPTION | |
| Pagination | 585 p. ; |
| Size | 23 cm. |
| 490 1# - SERIES STATEMENT | |
| Series statement | McGraw-Hill series in political science |
| 650 #0 - SUBJECT ADDED ENTRY--TOPICAL TERM | |
| Topical term or geographic name as entry element | Public opinion. |
| 9 (RLIN) | 104818 |
| Topical term or geographic name as entry element | Propaganda. |
| 9 (RLIN) | 104819 |
| 700 1# - ADDED ENTRY--PERSONAL NAME | |
| Personal name | McWilliams, Robert Owen, |
| Dates associated with a name | 1921- |
| Relator term | joint comp. |
| 830 1# - SERIES ADDED ENTRY--UNIFORM TITLE | |
| Uniform title | McGraw-Hill series in political science |
| 942 ## - ADDED ENTRY ELEMENTS (KOHA) | |
| Source of classification or shelving scheme | Dewey Decimal Classification |
| Koha item type | Books |
| Lost status | Source of classification or shelving scheme | Damaged status | Not for loan | Collection code | Permanent Location | Current Location | Shelving location | Date acquired | Source of acquisition | Cost, normal purchase price | Total Checkouts | Full call number | Date last seen | Copy number | Koha item type |
|---|---|---|---|---|---|---|---|---|---|---|---|---|---|---|---|
| Dewey Decimal Classification | Not For Loan | Non-fiction | Central Library, University of Rajshahi | Central Library, University of Rajshahi | 09/11/1963 | Zeitlinger | 38.06 | 303.38 CHV 1962 | 17/05/2014 | C-1 | Books |